000 02413nam a2200505Ia 4500
001 sky223964189
003 SKY
005 20251205004256.0
008 140430s1999 nyu j 000 1 eng d
020 _a9780439099394
020 _a0439099390
020 _a9780439154550
020 _a0439154553
040 _beng
_dSKYRV
_cNDC
050 4 _aPZ7.B934
_bSec 1999
082 4 _a811
100 1 _aBurnett, Frances Hodgson,
_d1849-1924.
_0https://id.loc.gov/authorities/names/n80009729.
245 1 4 _aThe secret garden /
_cFrances Hodgson Burnett ; with an introduction by Ann M. Martin.
260 _aNew York :
_bScholastic, Inc.,
_c1999.
264 1 _aNew York :
_bScholastic, Inc.,
_c1999.
300 _a298 pages ;
_c18 cm.
336 _atext
_btxt
_2rdacontent.
337 _aunmediated
_bn
_2rdamedia.
338 _avolume
_bnc
_2rdacarrier.
385 _nage
_aChildren
_2lcdgt.
440 0 _aScholastic classics.
_0(local)404182.
490 1 _aScholastic classics. (local)404182.
500 _aIncluded in Oprah's Book Club Kids Reading List.
520 _aTen-year-old Mary comes to live in a lonely house on the Yorkshire moors and discovers an invalid cousin and the mysteries of a locked garden.
521 0 _a6.7
_bFollett Library Resources.
521 2 _a5-8.
521 8 _a970
_bLexile.
526 0 _aAccelerated Reader AR
_bMG
_c6.3
_d13.0
_z78.
650 0 _aOrphans
_vJuvenile fiction.
_0https://id.loc.gov/authorities/subjects/sh2008108726.
650 0 _aPeople with disabilities
_vJuvenile fiction.
_0https://id.loc.gov/authorities/subjects/sh2010105456.
650 0 _aFriendship
_vJuvenile fiction.
_0https://id.loc.gov/authorities/subjects/sh2008103472.
650 0 _aInterpersonal relations
_vJuvenile fiction.
_0https://id.loc.gov/authorities/subjects/sh2008104864.
650 0 _aGardens
_0https://id.loc.gov/authorities/subjects/sh85053101
_vJuvenile fiction.
_0https://id.loc.gov/authorities/subjects/sh99001687.
651 0 _aYorkshire (England)
_0https://id.loc.gov/authorities/names/n81050764
_vJuvenile fiction.
_0https://id.loc.gov/authorities/subjects/sh99001687.
655 7 _aFiction.
_2lcgft
_0https://id.loc.gov/authorities/genreForms/gf2014026339.
700 1 _aMartin, Ann M.,
_d1955-
_0https://id.loc.gov/authorities/names/n83163737.
830 0 _aScholastic classics.
_0https://id.loc.gov/authorities/names/n2002046322.
907 _a.b463539655
942 _cBK
999 _c31284
_d31282